| 000 | 01748cam a22003614a 4500 | ||
|---|---|---|---|
| 001 | 14327658 | ||
| 005 | 20081201175235.0 | ||
| 008 | 060404s2007 njua b 001 0 eng | ||
| 010 | _a 2006011329 | ||
| 015 |
_aGBA681853 _2bnb |
||
| 016 | 7 |
_a013562749 _2Uk |
|
| 020 | _a0470048433 (hdbk.) | ||
| 020 | _a9780470048436 (hdbk.) | ||
| 035 | _a(OCoLC)ocm65978601 | ||
| 035 | _a(OCoLC)65978601 | ||
| 040 |
_aDLC _cDLC _dBAKER _dBTCTA _dC#P _dYDXCP _dUKM _dDLC |
||
| 042 | _apcc | ||
| 050 | 0 | 0 |
_aTA654.6 _b.E73 2007 |
| 082 | 0 | 0 |
_a624.1762 _222 _bERD |
| 100 | 1 |
_aErdey, Charles K., _d1931- _98940 |
|
| 245 | 1 | 0 |
_aEarthquake Engineering : _bApplication to Design / _cCharles K. Erdey. |
| 260 |
_aHoboken, N.J. : _bJohn Wiley & Sons, _cc2007. |
||
| 300 |
_axvii, 428 p. : _bill. ; _c25 cm. |
||
| 504 | _aIncludes bibliographical references and index. | ||
| 650 | 0 |
_aEarthquake engineering. _98941 |
|
| 856 | 4 | 1 |
_3Table of contents only _uhttp://www.loc.gov/catdir/toc/ecip0611/2006011329.html |
| 856 | 4 | 2 |
_3Contributor biographical information _uhttp://www.loc.gov/catdir/enhancements/fy0741/2006011329-b.html |
| 856 | 4 | 2 |
_3Publisher description _uhttp://www.loc.gov/catdir/enhancements/fy0741/2006011329-d.html |
| 942 |
_2ddc _cBB |
||
| 999 |
_c12808 _d12808 |
||